000 00342nam a2200145Ia 4500
005 20251222143304.0
008 251222s9999||||xx |||||||||||||| ||spa||
020 _a84-85019-02-4
082 _a155.2/L49
100 _aLersch, Philipp
245 0 _aLa Estructura de la Personalidad
250 _a8a.ed.
264 _bScientia
942 _cLIB
999 _c15466
_d15466